| 000 | 00671nam a22002057a 4500 | ||
|---|---|---|---|
| 005 | 20100809111224.0 | ||
| 010 | _aENG-98968 | ||
| 020 |
_c75.00 _a9788126027903 |
||
| 020 |
_c75.00 _a8126027908 |
||
| 035 | _aEN-82500 | ||
| 037 | _bDBAD/PUB | ||
| 082 | _a881 | ||
| 245 |
_aEkkundi's poetry : _ctranslated by Laxminarayana Bhat P. _ba reflection / |
||
| 260 |
_aNew Delhi _bSahitya Akademi _c2010 |
||
| 270 |
_aRabindra Bhavan, 35, Ferozeshah Road _bNew Delhi _e110001 |
||
| 300 |
_a79 p. _c21 cm. (Pbk) |
||
| 700 | _97380 | ||
| 942 |
_2ddc _cEN _h881 _mEKK |
||
| 999 |
_c40279 _d40279 |
||